| 000 | 00337nam a2200133Ia 4500 | ||
|---|---|---|---|
| 005 | 20260328104305.0 | ||
| 008 | 260328s9999||||xx |||||||||||||| ||und|| | ||
| 100 | _aBarragán, Luis | ||
| 245 | 0 |
_aConversación con Luis Barragán / _cLuis Barragán |
|
| 260 | _barquitectonica | ||
| 300 | _a71 p. | ||
| 650 | _aBIOGRAFÍAS | ||
| 942 | _cBK | ||
| 999 |
_c10727 _d10727 |
||